00628nam a2200169Ia 4500008004100000020001800041041000800059082001700067100002100084245013100105250000600236260004500242300001200287650000900299999001900308952013100327210716s2002 xx 000 0 und d a9780195671124 aeng a658.406 SIKS aSikdar, Soumyen. aContemporary issues in globalization: introduction to theory and policy in India.bIntroduction to theory and policy in India. a1 aNew DelhibOxford University Pressc2002 axix,201 aNone c201479d201479 00102ddc40738MBAaAIMITbAIMITd2006-08-20g195.00l0o658.406 SIKSpMBA04045r2025-07-21 00:00:00v156.00w2021-07-16yBK